000 00336nam a22001337a 4500
020 _aNA
082 _222
_a621.38173
100 _aDeboo Gordon J and Burrous Clifford N.
245 _aIntegrated Crcuits and semiconductor devices /
250 _a2nd
260 _aMGH,
_bMGH,
_cc1977
300 _a479 p, ;
_bNA
_c24cm.
942 _2ddc
_cEE
999 _c2916
_d2916